Sports Quiz

Random Sports Quiz

Leeds United Squad 2014 Quiz Stats

 Plays Quiz not verified by Sporcle

Challenge
Share
Tweet
Embed
Score 0/34 Timer 10:00
0 Plays Today
Number Player % Correct
1Marco Silvestri
91.4%
2Sam Byram
90.1%
23Lewis Cook
90.1%
13Stuart Taylor
88.9%
21Charlie Taylor
88.9%
27Alex Mowatt
88.9%
5Giuseppe Bellusci
85.2%
34Mirko Antenucci
85.2%
4Rodolph Austin
82.7%
29Souleymane Doukara
82.7%
7Luke Murphy
80.2%
32Liam Cooper
80.2%
12Gaetano Berardi
77.8%
3Stephen Warnock
72.8%
8Billy Sharp
72.8%
6Jason Pearce
70.4%
9Adryan
70.4%
Number Player % Correct
19Steve Morison
70.4%
14Tommaso Bianchi
69.1%
15Scott Wootton
67.9%
33Casper Sloth
58%
26Brian Montenegro
56.8%
11Aidan White
55.6%
24Chris Dawson
54.3%
35Dario Del-Fabro
51.9%
18Michael Tonge
50.6%
16Nicky Ajose
49.4%
30Alex Cairns
49.4%
10Noel Hunt
46.9%
20David Norris
44.4%
28Lewis Walters
42%
31Zan Benedicic
37%
22Zac Thompson
33.3%
25Ross Killock
25.9%

You're not logged in!

Compare scores with friends on all Sporcle quizzes.
Join for Free
OR
Log In

You Might Also Like...

Show Comments

Extras

Top Quizzes Today


Score Distribution

Your Account Isn't Verified!

In order to create a playlist on Sporcle, you need to verify the email address you used during registration. Go to your Sporcle Settings to finish the process.

Report this User

Report this user for behavior that violates our Community Guidelines.

Details: